Dyslexia
Αποθηκεύτηκε σε:
| Κύριος συγγραφέας: | |
|---|---|
| Μορφή: | Βιβλίο |
| Γλώσσα: | English |
| Δημοσίευση: |
Oxford :
Blackwell,
c2000.
|
| Έκδοση: | 2nd ed. |
| Θέματα: | |
| Ετικέτες: |
Προσθήκη ετικέτας
Δεν υπάρχουν, Καταχωρήστε ετικέτα πρώτοι!
|
MARC
| LEADER | 00000cam a2200000 a 4500 | ||
|---|---|---|---|
| 001 | 1/121838 | ||
| 008 | 200728s2000####enk| ||| |||| ||eng|| | ||
| 020 | |a 0631205748 | ||
| 040 | |a GR-MyUa |b gre |c GR-MyUa |e AACR2 | ||
| 041 | 0 | |a eng | |
| 082 | 7 | |a 616.8553 |2 (23) | |
| 100 | 1 | |a Snowling, Margaret J. | |
| 245 | 1 | 0 | |a Dyslexia / |c Margaret J. Snowling. |
| 250 | |a 2nd ed. | ||
| 260 | |a Oxford : |b Blackwell, |c c2000. | ||
| 300 | |a xiv, 253 σ. ; |c 23 εκ. | ||
| 504 | |a Περιλαμβάνει βιβλιογραφικές παραπομπές (σ. 217-248) και ευρετήριο. | ||
| 650 | 0 | |a Dyslexia. | |
| 852 | |a INST |b SYROS |e 20200728 |h 616.8553 SNO |p 005500014850 |q 005500014850 |t BK |y 0 | ||
| 920 | |a Ίδρυμα Ευγενίδου |b Βιβλιοθήκη |y Σύρος |z 2020-07 | ||
| 970 | |a Κοντού |b Παρασκευή |z 28/07/2020 | ||